| 000 | 00789nam a2200253 4500 | ||
|---|---|---|---|
| 003 | MX-MxINE | ||
| 005 | 20260601171018.0 | ||
| 008 | 260509b1972\\\\ja\a||||\||||\00|\0\eng\d | ||
| 040 |
_aMX-MxINE _bspa _cMX-MxINE _erda |
||
| 041 |
_aeng _gjpn |
||
| 050 |
_aNA200 _bJ64 1972 |
||
| 100 | 1 |
_aJohnson, Philip, _eautor _934367 |
|
| 245 |
_aGlobal architecture _cPhilip Johnson |
||
| 264 |
_aTokio: _bA.D.A Edita Tokyo, _c1972 |
||
| 300 |
_a40 páginas: _bilustraciones |
||
| 336 |
_2rdacontent _atexto |
||
| 337 |
_2rdamedia _asin medio |
||
| 338 |
_2rdacarrier _avolumen |
||
| 650 |
_aArchitecture, modern _y20th century. _934368 |
||
| 650 |
_aArchitectural design _934369 |
||
| 700 |
_aFutagawa, Yukio, _eFotografĂa _934370 |
||
| 700 |
_aRobertson, Bryan, _eTexto _934371 |
||
| 942 |
_2lcc _n1 _cB |
||
| 999 |
_c20798 _d20798 |
||